书目信息 |
| 题名: |
天然气燃烧与节能环保新技术
|
|
| 作者: | 傅忠诚 , 艾效逸 , 王天飞 著 | |
| 分册: | ||
| 出版信息: | 北京 中国建筑工业出版社 2007.08 |
|
| 页数: | 11, 507页 | |
| 开本: | 26cm | |
| 丛书名: | ||
| 单 册: | ||
| 中图分类: | TQ038.4 | |
| 科图分类: | ||
| 主题词: | 天然气--tian ran qi--燃烧--设备--节能 , 天然气--tian ran qi--燃烧理论 | |
| 电子资源: | ||
| ISBN: | 978-7-112-09282-6 | |
| 000 | 01082nam0 2200265 450 | |
| 001 | 012008689920 | |
| 005 | 20240509111358.14 | |
| 010 | @a978-7-112-09282-6@b精装@dCNY70.00 | |
| 100 | @a20080113d2007 em y0chiy0120 ea | |
| 101 | 0 | @achi |
| 102 | @aCN@b110000 | |
| 105 | @aak a 000yy | |
| 200 | 1 | @a天然气燃烧与节能环保新技术@Atian ran qi ran shao yu jie neng huan bao xin ji shu@f傅忠诚, 艾效逸, 王天飞等著@Ffu zhong cheng,ai xiao yi,wang tian fei deng zhu |
| 210 | @a北京@c中国建筑工业出版社@d2007.08 | |
| 215 | @a11, 507页@c图@d26cm | |
| 320 | @a有书目 | |
| 330 | @a本书共分九章,第一、二章主要介绍能源与环境、燃料燃烧与大气污染和室内污染的关系及相关标准;第三章到第七章主要介绍NOX生成机理;计算机模拟预测及工业预测各种燃烧设备的NOX生成量等。 | |
| 606 | 0 | @a天然气@Atian ran qi@x燃烧@x设备@x节能 |
| 606 | 0 | @a天然气@Atian ran qi@x燃烧理论 |
| 690 | @aTQ038.4@v4 | |
| 701 | 0 | @a傅忠诚@Afu zhong cheng@4著 |
| 701 | 0 | @a艾效逸@Aai xiao yi@4著 |
| 701 | 0 | @a王天飞@Awang tian fei@4著 |
| 801 | 0 | @aCN@b河南城建学院图书馆@c20080113 |
| 905 | @b277749-50@dTQ038.4@eF980@f2 | |
| 天然气燃烧与节能环保新技术/傅忠诚, 艾效逸, 王天飞等著.-北京:中国建筑工业出版社,2007.08 |
| 11, 507页:图;26cm |
| ISBN 978-7-112-09282-6(精装):CNY70.00 |
| 本书共分九章,第一、二章主要介绍能源与环境、燃料燃烧与大气污染和室内污染的关系及相关标准;第三章到第七章主要介绍NOX生成机理;计算机模拟预测及工业预测各种燃烧设备的NOX生成量等。 |
| ● |
| 相关链接 |
|
|
|
正题名:天然气燃烧与节能环保新技术
索取号:TQ038.4/F980
 
预约/预借
| 序号 | 登录号 | 条形码 | 馆藏地/架位号 | 状态 | 备注 |
| 1 | 1231648 | 212316484 | 期刊室512/501自科库 138排2列3层/ [索取号:TQ038.4/F980] | 在馆 | |
| 2 | 1231649 | 212316493 | 期刊室512/501自科库 138排2列3层/ [索取号:TQ038.4/F980] | 在馆 | |
| 3 | 1231650 | 212316509 | 期刊室512/501自科库 138排2列3层/ [索取号:TQ038.4/F980] | 在馆 | |
| 4 | 1231651 | 212316518 | 期刊室512/501自科库 138排2列3层/ [索取号:TQ038.4/F980] | 在馆 | |
| 5 | 1231652 | 212316527 | 期刊室512/501自科库 138排2列3层/ [索取号:TQ038.4/F980] | 在馆 | |
| 6 | 1231653 | 212316536 | 期刊室512/501自科库 138排2列3层/ [索取号:TQ038.4/F980] | 在馆 | |
| 7 | 1552107 | 215521077 | 自科库501/501自科库 138排2列3层/ [索取号:TQ038.4/F980] | 在馆 | |
| 8 | 1552108 | 215521086 | 自科库501/501自科库 138排2列3层/ [索取号:TQ038.4/F980] | 在馆 | |
| 9 | 1552109 | 215521095 | 自科库501/501自科库 138排2列3层/ [索取号:TQ038.4/F980] | 在馆 | |
| 10 | 1552110 | 215521102 | 自科库501/501自科库 138排2列3层/ [索取号:TQ038.4/F980] | 在馆 | |
| 11 | 277749 | 202777496 | 自科库501/501自科库 138排2列3层/ [索取号:TQ038.4/F980] | 在馆 | |
| 12 | 277750 | 202777502 | 期刊室512/501自科库 138排2列3层/ [索取号:TQ038.4/F980] | 在馆 | |
| 13 | 486168 | 204861685 | 能源与建筑环境工程学院资料室/ [索取号:TQ038.4/F980] | 在馆 | |
| 14 | 486219 | 204862194 | 能源与建筑环境工程学院资料室/ [索取号:TQ038.4/F980] | 在馆 | |
| 15 | 486224 | 204862247 | 能源与建筑环境工程学院资料室/ [索取号:TQ038.4/F980] | 在馆 |